| 000 | | | 04352nac2a22003013x 450 |
| 001 | | | 422cb686-22b6-45a4-a977-4d5ae7b75934 |
| 005 | | | 20230718104048.0 |
| 100 | ## | $a | 20230613l19291929k y0rusy50 ca |
| 101 | 0# | $a | rus |
| | $a | geo |
| 102 | ## | $a | RU |
| 105 | ## | $a | y z ||||| |
| 122 | 2# | $a | d19290731 |
| | $a | d19290831 |
| 200 | 1# | $a | Об увеличении пенсии вдове революционера-литератора Иродиона Евдошвили |
| | $j | Июль - август 1929 |
| 215 | ## | $a | 3 листа |
| | $d | 36,6 х 23,6 |
| 251 | ## | $c | Дело |
| 300 | ## | $a | Часть текста на грузинском языке |
| 300 | ## | $a | В деле обратная нумерация листов |
| 300 | ## | $a | Заголовок дела на папке: Об увеличении пенсии вдове революционера-литератора Иродионе Евдошвили |
| 300 | ## | $a | Машинописный и рукописный текст |
| 324 | ## | $a | В деле имеются копии отдельных документов |
| 461 | #0 | $1 | 001796d4672-8a00-4986-b488-6e42273792cc |
| | $1 | 2001 |
| | $a | ЦЕНТРАЛЬНЫЙ ИСПОЛНИТЕЛЬНЫЙ КОМИТЕТ СССР (ЦИК СССР). |
| | $1 | 251 |
| | $c | Фонд |
| | $1 | 852 |
| | $g | Р |
| | $j | 3316 |
| 462 | #0 | $1 | 0016e6e8ba4-e15f-4ad4-8937-f1e88c150bfe |
| | $1 | 2001 |
| | $a | Дела Секретариата Президиума ЦИК Союза ССР. 1929 г. |
| | $v | Д. 1165 |
| | $1 | 251 |
| | $c | Опись |
| | $1 | 852 |
| | $j | 22 |
| 517 | 1# | $a | Об увеличении пенсии вдове революционера-литератора Иродионе Евдошвили |
| 600 | #1 | $a | Евдошвили |
| | $b | И. |
| | $g | Иродион |
| 601 | 01 | $3 | RU\NLR\AUTH\880357276 |
| | $a | СССР |
| | $b | ЦИК |
| 801 | #0 | $a | RU |
| | $b | GA_RF |
| 801 | #1 | $a | RU |
| | $b | ГлавНИВЦ |
| | $c | 20230613 |
| | $2 | rusmarc |
| 801 | #2 | $a | RU |
| | $b | ПБ им. Б.Н. Ельцина |
| | $c | 20230718 |
| | $g | RCR |
| | $2 | rusmarc |
| 852 | ## | $a | ГА РФ |
| | $j | 1165 |
| 937 | ## | $d | 186594468 |
| | $h | ГАРФ |
| 035 | ## | $a | RuPRLIB51072411 |
| 856 | ## | $u | http://readingroom.main.prlib.ru/item.aspx?id_node=n186594468&mode=full |